000 00468nam a2200145Ia 4500
008 100415s9999 xx 000 0 und d
082 _b14940
_a574.52
100 _aSahgal Bittu
245 _aEnvironment and wildlife: the parisar annual lecture 1992
260 _aPUNE
_c1992
_bPARISAR
365 _b25
630 _aEnvironment and wildlife: the parisar annual lecture 1992
730 _aEnvironment and wildlife: the parisar annual lecture 1992
942 _cBOOK
999 _c597838
_d597835